World Leader - Same Country, Different Face Quiz Stats

 Plays Quiz not verified by Sporcle

Score 0/20 Timer 04:00
0 Plays Today
% Correct
Donald Trump > Ronald Reagan
United States
92.4%
Kim Jong-un > Kim Jong-il
North Korea
89%
Vladimir Putin > Mikhail Gorbachev
Russia (USSR)
87.4%
Theresa May > Winston Churchill
United Kindom
85.1%
Shinzō Abe > Marquess Itō Hirobumi
Japan
84%
Hassan Rouhani > Ali Khamenei
Iran
78.4%
Nicolás Maduro > Hugo Chávez
Venezuela
76.4%
Recep Tayyip Erdoğan >
Turgut Özal
Turkey
75.5%
Narendra Modi > Indira Gandhi
India
71.6%
Xi Jinping > Li Xiannian
China
69.9%
% Correct
Emmanuel Macron >
Charles de Gaulle
France
68.9%
Stefan Löfven > Carl Bildt
Sweden
58.2%
Muhammadu Buhari >
Olusegun Obasanjo
Nigeria
55.8%
Cyril Ramaphosa > Nelson Mandela
South Africa
52.4%
Katrín Jakobsdóttir >
Jóhanna Sigurðardóttir
Iceland
49.9%
Jair Bolsonaro > Itamar Franco
Brazil
45.7%
Scott Morrison > Julia Gillard
Australia
45.5%
Angela Merkel > Gerhard Schröder
Germany
41.9%
Charles Michel > Wilfried Martens
Belgium
39.3%
Justin Trudeau > Kim Campbell
Canada
27.8%

You're not logged in!

Compare scores with friends on all Sporcle quizzes.
OR
Log In

Show Comments

Extras

Top Quizzes Today


Score Distribution

Your Account Isn't Verified!

In order to create a playlist on Sporcle, you need to verify the email address you used during registration. Go to your Sporcle Settings to finish the process.

Report this User

Report this user for behavior that violates our Community Guidelines.

Details: